Gdzie to się znajduje #1 - Statystyki

Ogólne statystyki
  • Ten quiz został rozwiązany 26 razy
  • Średni wynik to 10 z 16
Statystyki odpowiedzi
Obrazkowy Odpowiedź % Poprawnych
brazylia
96%
francja
96%
włochy
92%
hiszpania
88%
usa
88%
polska
83%
japonia
71%
tajlandia
54%
węgry
54%
grecja
50%
islandia
50%
jordania
50%
chorwacja
38%
turcja
29%
bośnia i hercegowina
21%
gruzja
13%
Nie znaleziono quizów pasujących do podanych kryteriów
Rozkład punktacji
Procent ludzi z każdym wynikiem
Percentyl według liczby udzielonych odpowiedzi
Twoja historia wyników
Nie rozwiązałeś tego quizu